अमृतवाणी (Record no. 1076203)

MARC details
000 -LEADER
fixed length control field 00523nam a2200193Ia 4500
008 - FIXED-LENGTH DATA ELEMENTS--GENERAL INFORMATION
fixed length control field 151119s9999||||xx |||||||||||||| ||und||
082 ## - DEWEY DECIMAL CLASSIFICATION NUMBER
Classification number 181
082 ## - DEWEY DECIMAL CLASSIFICATION NUMBER
Item number GKKV23566
100 ## - MAIN ENTRY--PERSONAL NAME
Personal name वर्टीकर मनोहर
245 ## - TITLE STATEMENT
Title अमृतवाणी
260 ## - PUBLICATION, DISTRIBUTION, ETC. (IMPRINT)
Place of publication, distribution, etc --
260 ## - PUBLICATION, DISTRIBUTION, ETC. (IMPRINT)
Name of publisher, distributor, etc --
260 ## - PUBLICATION, DISTRIBUTION, ETC. (IMPRINT)
Date of publication, distribution, etc 1916
600 ## - SUBJECT ADDED ENTRY--PERSONAL NAME
Personal name वर्टीकर मनोहर
630 ## - SUBJECT ADDED ENTRY--UNIFORM TITLE
Uniform title अमृतवाणी
700 ## - ADDED ENTRY--PERSONAL NAME
Personal name वर्टीकर मनोहर
730 ## - ADDED ENTRY--UNIFORM TITLE
Uniform title अमृतवाणी
942 ## - ADDED ENTRY ELEMENTS (KOHA)
Koha item type Book
Holdings
Withdrawn status Lost status Damaged status Not for loan Home library Current library Date acquired Cost, normal purchase price Total Checkouts Full call number Barcode Date last seen Cost, replacement price Price effective from Koha item type
        G.K. Khandekar Vachanalaya, Mulund G.K. Khandekar Vachanalaya, Mulund 02/06/2013 0.00   GKKV23566 GKKV23566 11/19/2015 0.00 11/19/2015 Book